000 00293nam a2200121Ia 4500
008 190216s9999||||xx |||||||||||||| ||und||
100 _aAnantharaman R
245 0 _aFundamentals Of Quantum Chemistry
260 _bMacmillan
_c2001
300 _a812
650 _aQuantum Chemistry
942 _cBK
999 _c3195
_d3195